[Event "Stay Safe Play From Home 194"]
[Site "T#646519Emanuel Laske"]
[Date "2020.06.02"]
[Round "7"]
[White "Edmatuag"]
[Black "Lucknow"]
[Result "1-0"]
[WhiteElo "1650"]
[BlackElo "1894"]
[Annotator "NA RC"]
[PlyCount "53"]
[EventDate "2020.06.02"]
[EventType "swiss (blitz)"]

1. e4 {[%emt 0:00:01]} c5 {[%emt 0:00:01]} 2. d3 {[%emt 0:00:01]} d6 {[%emt 0:00:00]} 3. g3 {[%emt 0:00:01]} e6 {[%emt 0:00:00]} 4. Bg2 {[%emt 0:00:01]} Nf6 {[%emt 0:00:00]} 5. Ne2 {[%emt 0:00:01]} Be7 {[%emt 0:00:00]} 6. f4 {[%emt 0:00:01]} O-O {[%emt 0:00:00]} 7. O-O {[%emt 0:00:01]} Nc6 {[%emt 0:00:00]} 8. h3 {[%emt 0:00:00]} a6 {[%emt 0:00:01]} 9. g4 {[%emt 0:00:01]} h6 {[%emt 0:00:01]} 10. Ng3 {[%emt 0:00:01]} Nd7 {[%emt 0:00:01]} 11. Nd2 {[%emt 0:00:02]} Nd4 {[%emt 0:00:01]} 12. c3 {[%emt 0:00:02]} Nc6 {[%emt 0:00:01]} 13. Nf3 {[%emt 0:00:01]} Qc7 {[%emt 0:00:01]} 14. Be3 {[%emt 0:00:01]} b5 {[%emt 0:00:03]} 15. f5 {[%emt 0:00:01]} Nce5 {[%emt 0:00:02]} 16. h4 {[%emt 0:00:04]} Nxf3+ {[%emt 0:00:02]} 17. Qxf3 {[%emt 0:00:01]} Ne5 {[%emt 0:00:00]} 18. Qe2 {[%emt 0:00:02]} Bxh4 {[%emt 0:00:01]} 19. Nh5 {[%emt 0:00:04]} f6 {[%emt 0:00:08]} 20. Nf4 {[%emt 0:00:03]} exf5 {[%emt 0:00:02]} 21. exf5 {[%emt 0:00:03]} Bg5 {[%emt 0:00:02]} 22. Bxa8 {[%emt 0:00:02]} Bd7 {[%emt 0:00:06]} 23. Bd5+ {[%emt 0:00:01]} Kh8 {[%emt 0:00:02]} 24. Ng6+ {[%emt 0:00:01]} Nxg6 {[%emt 0:00:01]} 25. fxg6 {[%emt 0:00:01]} Bc8 {[%emt 0:00:01]} 26. Bxg5 {[%emt 0:00:02]} hxg5 {[%emt 0:00:01]} 27. Qh2# {[%emt 0:00:02] (Lag: Av=0.42s, max=0.8s)} 1-0

[Event "Stay Safe Play From Home 194"]
[Site "T#646519Emanuel Laske"]
[Date "2020.06.02"]
[Round "7"]
[White "Trotsky"]
[Black "Aktürk"]
[Result "1-0"]
[WhiteElo "1540"]
[BlackElo "1488"]
[Annotator "NA RC"]
[PlyCount "63"]
[EventDate "2020.06.02"]
[EventType "swiss (blitz)"]

1. d4 {[%emt 0:00:01]} e6 {[%emt 0:00:00]} 2. e3 {[%emt 0:00:01]} Qf6 {[%emt 0:00:01]} 3. c4 {[%emt 0:00:01]} Qg6 {[%emt 0:00:01]} 4. Nc3 {[%emt 0:00:01]} Nc6 {[%emt 0:00:02]} 5. g3 {[%emt 0:00:06]} Nb4 {[%emt 0:00:01]} 6. Bd3 {[%emt 0:00:01]} Nxd3+ {[%emt 0:00:02]} 7. Ke2 {[%emt 0:00:02]} Nxc1+ {[%emt 0:00:03]} 8. Rxc1 {[%emt 0:00:02]} Qf6 {[%emt 0:00:02]} 9. Nf3 {[%emt 0:00:01]} Nh6 {[%emt 0:00:01]} 10. Ne4 {[%emt 0:00:01]} Qf5 {[%emt 0:00:03]} 11. Rf1 {[%emt 0:00:04]} Qxe4 {[%emt 0:00:02]} 12. Ng5 {[%emt 0:00:04]} Qf5 {[%emt 0:00:02]} 13. Qd3 {[%emt 0:00:04]} Qxg5 {[%emt 0:00:02]} 14. f4 {[%emt 0:00:01]} Qg4+ {[%emt 0:00:01]} 15. Kd2 {[%emt 0:00:01]} Qh3 {[%emt 0:00:01]} 16. Rce1 {[%emt 0:00:01]} Qxh2+ {[%emt 0:00:01]} 17. Kc3 {[%emt 0:00:01]} Qxg3 {[%emt 0:00:03]} 18. Re2 {[%emt 0:00:02]} Qg6 {[%emt 0:00:05]} 19. e4 {[%emt 0:00:02]} Qf6 {[%emt 0:00:02]} 20. Rfe1 {[%emt 0:00:01]} Qe7 {[%emt 0:00:01]} 21. e5 {[%emt 0:00:01]} Qb4+ {[%emt 0:00:01]} 22. Kc2 {[%emt 0:00:01]} Qa4+ {[%emt 0:00:01]} 23. Kb1 {[%emt 0:00:01]} Nf5 {[%emt 0:00:03]} 24. d5 {[%emt 0:00:01]} Bc5 {[%emt 0:00:03]} 25. dxe6 {[%emt 0:00:02]} dxe6 {[%emt 0:00:02]} 26. Rd2 {[%emt 0:00:03]} O-O {[%emt 0:00:03]} 27. Qh3 {[%emt 0:00:02]} Nh6 {[%emt 0:00:02]} 28. Rh2 {[%emt 0:00:02]} Qxc4 {[%emt 0:00:02]} 29. Rc2 {[%emt 0:00:02]} Qxf4 {[%emt 0:00:01]} 30. Rh1 {[%emt 0:00:01]} Qg5 {[%emt 0:00:05] '} 31. Rch2 {[%emt 0:00:01]} Be7 {[%emt 0:00:03]} 32. Ka1 {[%emt 0:00:01] Zaman (Lag: Av=0.26s, max=0.6s)} 1-0

[Event "Stay Safe Play From Home 194"]
[Site "T#646519Emanuel Laske"]
[Date "2020.06.02"]
[Round "8"]
[White "AChessPlayer"]
[Black "SoulofWolf"]
[Result "0-1"]
[WhiteElo "2378"]
[BlackElo "2211"]
[Annotator "TA"]
[PlyCount "144"]
[EventDate "2020.06.02"]
[EventType "swiss (blitz)"]

{[%evp 9,144,14,18,-8,6,-18,-16,-38,-29,-34,-18,-49,-31,-59,-24,-58,-28,-73,0,-7,-11,-33,-12,-46,-47,-61,-62,-68,-68,-69,-55,-171,-55,-76,-82,-95,0,-73,-60,-62,38,9,151,151,231,217,228,237,264,31,69,-25,-14,-43,-40,-215,-208,-520,-514,-490,-476,-961,-956,-910,-902,-1391,-1387,-1307,-1323,-1335,-1053,-933,-904,-821,-388,-383,-376,-367,-309,-302,-231,-518,-507,-685,-506,-552,-482,-502,-497,-669,-480,-29981,-29982,-29983,-4627,-29964,-12849,-29941,-12795,-12717,0,-11538,-10432,-2225,-1775,-11189,-10093,-10560,-5539,-29953,-29957,-29975,-29976,-29982,-29968,-29990,-29987,-29992,-29993,-29993,-29994,-29995,-29993,-29993,-29993,-29994,-29995,-29995,-29995,-29995,-29996,-29996,-29994,-29997,-29998,-29998,-29999]} 1. Nf3 e6 2. g3 d5 3. Bg2 Nf6 4. O-O Be7 5. d4 O-O 6. Bf4 {D02: 1 d4 d5 2 Nf3 sidelines, including 2...Nf6 3 g3 and 2...Nf6 3 Bf4.} (6. c4 $5) 6... b6 7. Nbd2 Bb7 {[#]} 8. Nb3 $146 {The position is equal.} ({Predecessor:} 8. c4 Nbd7 9. cxd5 exd5 10. Rc1 Rc8 11. Re1 Re8 12. a3 c5 13. e3 Nh5 14. Ne5 Nxf4 15. gxf4 {0-1 (57) Carvalho,A-Silva,J Vitoria 2018}) 8... Nbd7 9. a4 a5 10. Nc1 Nh5 11. Nd3 Rc8 12. c3 c5 13. Nfe5 Bf6 (13... Nxf4 $17 14. gxf4 f6 15. Nxd7 Qxd7) 14. Nxd7 Qxd7 15. Be5 Be7 16. g4 Nf6 17. h3 Ne4 18. f3 Nd6 19. Bg3 Nc4 20. Qc1 (20. Bf2 $1 $15) 20... f6 (20... cxd4 $19 21. cxd4 Na3) 21. b3 Nd6 $1 {...cxd4 is the strong threat.} 22. Qd2 Ne8 (22... c4 $17 23. Bxd6 Qxd6 24. bxc4 Rxc4) 23. e3 (23. dxc5 $11 {keeps the balance.} bxc5 24. c4) 23... Nd6 $17 24. Rfe1 Bc6 (24... c4 $15 25. bxc4 Nxc4) 25. dxc5 $14 bxc5 (25... Ne4 $1 $11 26. fxe4 dxe4) 26. Nxc5 $16 {[%cal Bd3c5,Bc5e6,Be6d4][%mdl 32]} Qa7 (26... Ne4 $16 27. Nxd7 Nxd2 28. Nxf8 Kxf8) 27. Nxe6 $18 Rfe8 28. Nd4 Bb7 29. b4 $2 (29. Bf1 $18) 29... Nc4 $14 30. Qf2 ({White should play} 30. Qd3 $14) 30... axb4 $11 31. cxb4 Bxb4 32. Red1 $2 {White is now going downhill.} (32. Re2 $15) 32... Bc5 33. Bf4 $2 (33. Nb5 {is a better chance.} Qa5 34. Kh1) 33... g5 $19 34. Bg3 Nxe3 35. Qd2 (35. Qb2 $142 Nxd1 36. Rxd1) 35... Nxd1 36. Rxd1 Bxd4+ 37. Qxd4 Qxd4+ 38. Rxd4 Rc1+ 39. Kh2 Rc2 40. Kg1 Ree2 41. Bf1 Red2 (41... Rc1 $142 {Strongly threatening ...Rb2.} 42. Bf2 Ra2) 42. Rxd2 Rxd2 {[%mdl 4096] Endgame KRB-KB} 43. Be1 Rd1 44. Kf2 Ra1 45. Be2 $2 (45. Bc3 {was called for.} Rxa4 46. Bxf6) 45... Rxa4 46. Ke3 Ra2 47. Bd3 Kf7 48. Bc3 h6 49. Bd4 Ra3 {Threatens to win with ...Ba6.} 50. h4 (50. Bc5 $19 Rb3 51. Kd2 Rb2+ 52. Ke3) 50... Ba6 51. hxg5 Bxd3 (51... Rxd3+ $142 52. Kf2 Rxd4 53. gxh6 Ra4 54. h7 Kg7 55. Ke3 d4+ 56. Ke4 d3+ 57. Ke3 Kxh7 58. g5 fxg5 59. Kd2 Ra2+ 60. Kc3 d2 61. Kb3 d1=Q+ {[%mdl 64] Double Attack} 62. Kxa2 Bc4+ 63. Kb2 Qd2+ 64. Kb1 Bb3 65. f4 Qc2+ 66. Ka1 Qc1#) 52. gxh6 Bh7+ (52... Be4+ $142 53. Kf2 Rxf3+ 54. Ke2 Rg3 55. Bf2 Rxg4 56. Kd2 {[#]} Rg2 $1 {[%mdl 512]} 57. Ke1 Rxf2 $1 {[%mdl 512]} 58. Kxf2 d4 59. Kg3 Kg6 60. Kf2 Kxh6 61. Ke1 f5 62. Kf2 f4 63. Kf1 d3 64. Kf2 f3 65. Ke3 Kg5 66. Kxe4 d2 67. Kxf3 d1=Q+ 68. Ke4 Kg6 69. Ke5 Qd3 70. Kf4 Kf6 71. Kg4 Qe3 72. Kh4 Kf5 73. Kh5 Qh3#) 53. Kf4 Ra4 (53... Kg6 $142 54. Bb2 Ra4+ 55. Ke3 f5 56. gxf5+ Kxf5 57. Bh8 Kg5 58. Bg7 Bf5 59. Be5 Kxh6 60. Bf6 Kg6 61. Be5 Be6 62. Bd4 Kf5 63. Bb2 Bf7 64. Bc3 Bh5 65. Bb2 Ra2 66. Bg7 Ra3+ 67. Kd4 Bxf3 68. Bf8 Ra8 69. Bh6 Ra7 70. Kc5 Rc7+ 71. Kd6 Rc4 72. Bd2 d4 73. Ke7 Rc2 74. Ba5 d3 75. Kd6 d2 76. Bxd2 Rxd2+ 77. Kc5 Bd5 78. Kd6 Kf6 79. Kc5 Ke5 80. Kb5 Kd4 81. Kb6 Rc2 82. Ka7 Rb2 83. Ka6 Kc5 84. Ka7 Rb3 85. Ka6 Ra3#) 54. Ke3 Ra3+ 55. Kf4 $1 Ra8 56. Ke3 Re8+ 57. Kf2 Kg6 58. Kg3 Rc8 59. Be3 Rc4 {Black mates.} 60. Bf4 d4 61. Bd2 d3 62. Bf4 Rc2 63. Bd2 Rxd2 64. f4 Re2 65. f5+ Kf7 66. Kf3 Re8 67. Kf4 d2 68. g5 d1=Q 69. g6+ {[#]} Bxg6 $1 70. fxg6+ Kg8 71. Kg3 Qd3+ 72. Kh4 Re4+ {Accuracy: White = 38%, Black = 53%.} 0-1

[Event "Stay Safe Play From Home 194"]
[Site "T#646519Emanuel Laske"]
[Date "2020.06.02"]
[Round "8"]
[White "Bellbox"]
[Black "XShot"]
[Result "0-1"]
[WhiteElo "2129"]
[BlackElo "2515"]
[Annotator "TA"]
[PlyCount "126"]
[EventDate "2020.06.02"]
[EventType "swiss (blitz)"]

{[%evp 9,126,0,31,36,57,53,52,31,39,27,22,29,38,28,45,29,47,24,25,14,41,0,17,4,2,0,47,-8,-14,-58,-43,-50,45,33,63,54,61,-16,-20,-36,35,-21,82,87,87,-20,0,-163,-220,-164,0,0,61,60,77,79,1374,0,0,0,0,0,0,0,0,0,0,-8,-8,-8,-8,-8,-8,-8,0,0,0,0,0,0,0,0,-8,-70,-18,-1112,0,0,0,-1061,-116,-1061,-888,-660,-612,-292,-8,-8,-8,-29987,-29988,-29990,-29991,-29991,-29990,-29990,-29990,-29991,-29992,-29992,-29993,-29993,-29994,-29994,-29995,-29995,-29996,-29997,-5616]} 1. e4 c6 2. d3 d5 3. Nd2 g6 4. Ngf3 Bg7 5. g3 Bg4 6. Bg2 {[#] B10: Caro-Kann: 2 d3 and 2 c4.} Bxf3 $146 ({Predecessor:} 6... e6 7. h3 Bxf3 8. Qxf3 Nd7 9. Qe2 Ne7 10. O-O O-O 11. c3 a5 12. d4 dxe4 13. Nxe4 Nd5 {½-½ (32) Andriasian,Z (2586)-Wang,Y (2690) chess.com INT 2018}) 7. Qxf3 {[%cal Re4d5]} Nf6 8. exd5 {White is slightly better.} cxd5 9. d4 Nc6 10. c3 O-O 11. O-O e6 12. Re1 Rb8 13. Nf1 b5 14. Bf4 Rb7 15. Bg5 a5 16. h4 h6 17. Bf4 h5 18. Nh2 (18. Bg5 $14) 18... Qb6 $11 19. g4 hxg4 20. Nxg4 Nxg4 (20... Nh5 $1 $15) 21. Qxg4 $14 Ne7 22. h5 b4 23. Be5 (23. Bf1 $14) 23... Bxe5 $11 24. Rxe5 {hxg6 is the strong threat.} Kg7 (24... bxc3 $15 25. bxc3 Qb2) 25. Rae1 (25. hxg6 $14 f5 26. Qe2) 25... Rh8 (25... Qc6 $11) 26. hxg6 $16 Nxg6 {[#]} 27. Rg5 (27. Rxe6 $1 $16 {[%mdl 512]} Qc7 (27... fxe6 28. Rxe6) 28. R6e3 (28. Bxd5 fxe6 29. Rxe6 Rh6 $15)) 27... Rh6 28. f4 $2 (28. c4 $1 $11 {and White is okay.}) 28... bxc3 $19 29. bxc3 Qb2 $2 (29... f6 $19 30. Rh5 f5) 30. Qg3 $11 {Black must now prevent f5.} Qd2 ({Black should try} 30... f6 $11 31. Rg4 f5) 31. f5 $14 exf5 32. Rxf5 Rb2 $2 {[%mdl 8192] [#]} (32... Rh4 $16) 33. Ref1 $2 (33. Rxf7+ $3 $18 {[%mdl 512]} Kxf7 34. Bxd5+ Kg7 35. Qc7+ {[%mdl 64] Double Attack} Kf6 36. Rf1+ Qf2+ 37. Rxf2+ Rxf2 38. Kxf2) 33... Qxg2+ $1 $11 {[%mdl 64] Decoy} 34. Qxg2 Rxg2+ 35. Kxg2 {[%mdl 4096] Endgame KRR-KRN} Nh4+ {[%mdl 64] Double Attack} 36. Kg3 Nxf5+ 37. Rxf5 {KR-KR} Rc6 38. Rxd5 Rxc3+ 39. Kf4 Ra3 40. Rb5 Rxa2 41. d5 Kf6 42. Rb6+ Ke7 43. Ra6 f6 44. Ke4 a4 45. Kd4 a3 46. Kc4 (46. Ra7+ $11 Ke8 47. Ra8+ Kd7 48. Ra7+ Ke8 49. Ra8+ Ke7 50. Ra7+ Kd8 51. Kc3) 46... Ra1 (46... f5 $1 $15) 47. Kc5 $2 {[%mdl 8192]} (47. Ra7+ $11 Kd6 48. Ra6+ Ke5 49. Re6+ Kf5 50. Re2) 47... Rc1+ $2 (47... a2 $19 {And now ...Rc1+ would win.} 48. Ra7+ Kf8) 48. Kd4 $1 Ra1 {Strongly threatening ...a2.} 49. Kc3 $2 {[%mdl 8192]} (49. Kc5 $11) 49... a2 $2 (49... f5 $19 {has better winning chances.} 50. Re6+ Kd7) 50. Kb2 $2 {[%mdl 8192]} (50. Re6+ $17 Kf7 51. Kb2) 50... Rd1 $19 51. Kxa2 Rxd5 52. Kb3 {[#]} Re5 $2 (52... Rc5 $1 $19 53. Rb6 Kf7) 53. Kc3 $11 Re6 54. Kd3 $2 {[%mdl 8192]} (54. Ra7+ $11 Kd6 55. Kd3) 54... Rxa6 {KR-K. Black mates.} 55. Kd4 Re6 56. Kd5 Re5+ 57. Kd4 Ke6 58. Kd3 f5 59. Kd2 f4 60. Kd3 f3 61. Kd4 f2 62. Kd3 f1=Q+ 63. Kd4 Qh3 {Accuracy: White = 53%, Black = 60%.} (63... Qc1 $142 64. Kd3 Re3+ 65. Kd4 Qc3#) 0-1

[Event "Stay Safe Play From Home 194"]
[Site "T#646519Emanuel Laske"]
[Date "2020.06.02"]
[Round "8"]
[White "Don59as"]
[Black "Patzeroglu"]
[Result "1-0"]
[WhiteElo "2117"]
[BlackElo "1985"]
[Annotator "NA RC"]
[PlyCount "35"]
[EventDate "2020.06.02"]
[EventType "swiss (blitz)"]

1. c4 {[%emt 0:00:01]} Nf6 {[%emt 0:00:03]} 2. Nc3 {[%emt 0:00:01]} e6 {[%emt 0:00:05]} 3. e4 {[%emt 0:00:01]} d5 {[%emt 0:00:02]} 4. cxd5 {[%emt 0:00:00]} exd5 {[%emt 0:00:02]} 5. e5 {[%emt 0:00:00]} d4 {[%emt 0:00:01]} 6. Nb5 {[%emt 0:00:02]} Nfd7 {[%emt 0:00:05]} 7. Nf3 {[%emt 0:00:02]} c5 {[%emt 0:00:03]} 8. Nd6+ {[%emt 0:00:01]} Bxd6 {[%emt 0:00:02]} 9. exd6 {[%emt 0:00:00]} O-O {[%emt 0:00:00]} 10. Be2 {[%emt 0:00:01]} Nc6 {[%emt 0:00:01]} 11. O-O {[%emt 0:00:01]} Nde5 {[%emt 0:00:02]} 12. Nxe5 {[%emt 0:00:01]} Nxe5 {[%emt 0:00:00]} 13. f4 {[%emt 0:00:01]} Ng6 {[%emt 0:00:04]} 14. f5 {[%emt 0:00:01]} Ne5 {[%emt 0:00:01]} 15. d3 {[%emt 0:00:03]} f6 {[%emt 0:00:01]} 16. Qb3+ {[%emt 0:00:03]} Nf7 {[%emt 0:00:03]} 17. Bf4 {[%emt 0:00:02]} Qxd6 {[%emt 0:00:02]} 18. Bxd6 {[%emt 0:00:02] Patzeroglu gibt auf (Lag: Av=0.87s, max=1.6s)} 1-0

[Event "Stay Safe Play From Home 194"]
[Site "T#646519Emanuel Laske"]
[Date "2020.06.02"]
[Round "8"]
[White "Haxhi Baha"]
[Black "Broken sword"]
[Result "1-0"]
[WhiteElo "1962"]
[BlackElo "2559"]
[Annotator "TA"]
[PlyCount "79"]
[EventDate "2020.06.02"]
[EventType "swiss (blitz)"]

{[%evp 17,78,64,72,67,74,6,50,23,31,0,139,137,324,334,318,324,324,300,425,422,450,449,475,450,529,228,228,228,221,202,206,205,516,88,90,81,113,-102,159,70,162,165,357,361,504,464,700,216,960,907,29992,29993,29997,29994,29997,29994,29994,29995,29995,29996,29998,29999,29999]} 1. e4 e6 2. d4 c5 3. d5 exd5 4. exd5 d6 5. c4 Nf6 6. Nc3 Be7 7. Nf3 Bg4 8. Be2 Nbd7 9. O-O O-O 10. h3 {A43: Schmid Benoni.} Bh5 {[#]} 11. Ng5 $146 (11. Bf4 $16) ({Predecessor:} 11. Bf4 a6 12. a4 b6 13. Re1 Re8 14. Nd2 Bxe2 15. Qxe2 Bf8 16. Qd3 Nh5 17. Bh2 Ne5 18. Bxe5 dxe5 {0-1 (54) Juarez Flores,G (2097)-Picado,J (2207) Managua 2015}) 11... Bg6 12. Bd3 {White is slightly better.} Ne5 13. Be2 Re8 (13... Ned7 $11) 14. f4 $16 Ned7 $2 (14... Nfd7 $16 {might work better.}) 15. f5 $18 Ne5 16. fxg6 hxg6 17. Bf4 Ned7 (17... Nh5 $142) 18. Bd3 a6 19. Qf3 Rf8 20. Rae1 Nh5 21. Nge4 (21. Nxf7 $142 Rxf7 22. Bxg6 {[%mdl 64] Double Attack} Rxf4 23. Qxh5) 21... Nxf4 22. Qxf4 Ne5 23. Bc2 Nxc4 24. Nxc5 {Black must now prevent Ne6.} Nxb2 $2 {[#]} (24... b5) 25. N5e4 $2 (25. Ne6 $1 $18 {[%mdl 512] and the rest is easy.} fxe6 26. Qg4 (26. Qb4 Rc8 $16)) 25... Rc8 $16 26. Kh1 b5 {[#]} 27. Bb3 $2 (27. Bb1 $1 $16 {keeps the pressure on.}) 27... Nc4 $2 {[%mdl 8192]} (27... Nd3 $17 {and life is bright.} 28. Qf3 Nxe1 29. Rxe1 Re8) 28. Ne2 (28. Bxc4 $1 $16 bxc4 29. Qf3) 28... Ne5 (28... f5 $14) 29. Nd4 $18 {Threatens to win with Nc6!} a5 $2 (29... Nd3 30. Nc6 Nxf4 31. Nxd8 Rfxd8) 30. Nc6 Nxc6 31. dxc6 {[%cal Rb3f7]} Rxc6 (31... d5 $142 32. Rd1 Qc7 33. Bxd5 Qxf4 34. Rxf4 Kh7 35. Bxf7 g5) 32. Qg4 $2 (32. Bxf7+ Kh8 33. Qd2) 32... a4 $2 {[#]} (32... d5) 33. Bd5 $1 {Qxg6 would kill now.} Rc8 34. Qxg6 {White mates.} Rc5 35. Nxc5 dxc5 36. Bxf7+ Rxf7 37. Qxf7+ Kh8 38. Rxe7 {[%csl Ge7][%cal Rf7g7]} Qd4 39. Qh5+ Kg8 40. Re8# {Accuracy: White = 46%, Black = 19%.} 1-0

[Event "Stay Safe Play From Home 194"]
[Site "T#646519Emanuel Laske"]
[Date "2020.06.02"]
[Round "8"]
[White "Lucknow"]
[Black "Aktürk"]
[Result "1-0"]
[WhiteElo "1867"]
[BlackElo "1473"]
[Annotator "NA RC"]
[PlyCount "85"]
[EventDate "2020.06.02"]
[EventType "swiss (blitz)"]

1. d4 {[%emt 0:00:01]} e6 {[%emt 0:00:00]} 2. c4 {[%emt 0:00:01]} Qf6 {[%emt 0:00:00]} 3. e3 {[%emt 0:00:01]} b6 {[%emt 0:00:00]} 4. Nc3 {[%emt 0:00:01]} Bb7 {[%emt 0:00:01]} 5. Nf3 {[%emt 0:00:00]} Qg6 {[%emt 0:00:01]} 6. Qd3 {[%emt 0:00:04]} Ne7 {[%emt 0:00:03]} 7. Qxg6 {[%emt 0:00:01]} Nxg6 {[%emt 0:00:01]} 8. Be2 {[%emt 0:00:00]} h5 {[%emt 0:00:01]} 9. Bd2 {[%emt 0:00:02]} h4 {[%emt 0:00:01]} 10. O-O-O {[%emt 0:00:01]} Be7 {[%emt 0:00:04]} 11. h3 {[%emt 0:00:02]} Nc6 {[%emt 0:00:01]} 12. Kb1 {[%emt 0:00:01]} a5 {[%emt 0:00:02]} 13. d5 {[%emt 0:00:01]} exd5 {[%emt 0:00:02]} 14. cxd5 {[%emt 0:00:00]} Nce5 {[%emt 0:00:02]} 15. Nxe5 {[%emt 0:00:02]} Nxe5 {[%emt 0:00:01]} 16. f4 {[%emt 0:00:01]} Ng6 {[%emt 0:00:02]} 17. Bb5 {[%emt 0:00:03]} c6 {[%emt 0:00:02]} 18. dxc6 {[%emt 0:00:01]} Bxc6 {[%emt 0:00:01]} 19. Bc4 {[%emt 0:00:01]} Bxg2 {[%emt 0:00:02]} 20. Rhg1 {[%emt 0:00:01]} Bxh3 {[%emt 0:00:01]} 21. Ne4 {[%emt 0:00:03]} Be6 {[%emt 0:00:01]} 22. Bxe6 {[%emt 0:00:02]} dxe6 {[%emt 0:00:02]} 23. Ng5 {[%emt 0:00:02]} Bxg5 {[%emt 0:00:03]} 24. Rxg5 {[%emt 0:00:02]} h3 {[%emt 0:00:01]} 25. Rh1 {[%emt 0:00:02]} h2 {[%emt 0:00:01]} 26. Rg2 {[%emt 0:00:01]} Ne7 {[%emt 0:00:01]} 27. Rgxh2 {[%emt 0:00:01]} Rxh2 {[%emt 0:00:00]} 28. Rxh2 {[%emt 0:00:00]} Kd7 {[%emt 0:00:01]} 29. Bc3 {[%emt 0:00:01]} Rc8 {[%emt 0:00:02]} 30. Rd2+ {[%emt 0:00:01]} Nd5 {[%emt 0:00:02]} 31. Bxg7 {[%emt 0:00:02]} Ke7 {[%emt 0:00:01]} 32. e4 {[%emt 0:00:01]} Nxf4 {[%emt 0:00:01]} 33. Bd4 {[%emt 0:00:02]} Nh3 {[%emt 0:00:03]} 34. Bxb6 {[%emt 0:00:01]} a4 {[%emt 0:00:02]} 35. Rc2 {[%emt 0:00:03]} Rxc2 {[%emt 0:00:01]} 36. Kxc2 {[%emt 0:00:00]} Nf4 {[%emt 0:00:01]} 37. Bc5+ {[%emt 0:00:00]} Kf6 {[%emt 0:00:03]} 38. Bd4+ {[%emt 0:00:00]} Kg6 {[%emt 0:00:01]} 39. Kc3 {[%emt 0:00:01]} Ne2+ {[%emt 0:00:01]} 40. Kd3 {[%emt 0:00:01]} Nxd4 {[%emt 0:00:00]} 41. Kxd4 {[%emt 0:00:00]} Kf6 {[%emt 0:00:01]} 42. Ke3 {[%emt 0:00:00]} Ke5 {[%emt 0:00:01]} 43. b4 {[%emt 0:00:00] Zaman (Lag: Av=0.36s, max=0.6s)} 1-0

[Event "Stay Safe Play From Home 194"]
[Site "T#646519Emanuel Laske"]
[Date "2020.06.02"]
[Round "8"]
[White "Emresenar"]
[Black "Lazieri3"]
[Result "0-1"]
[WhiteElo "1786"]
[BlackElo "2008"]
[Annotator "TA"]
[PlyCount "90"]
[EventDate "2020.06.02"]
[EventType "swiss (blitz)"]

{[%evp 11,90,25,31,1,3,-33,-30,-23,-35,-33,-30,-30,-42,-50,-28,-34,-27,-47,-32,-22,37,0,242,225,196,5,287,174,195,200,299,167,394,201,295,267,262,261,366,153,162,107,632,631,580,450,425,364,359,331,583,557,527,354,333,320,329,222,265,262,260,249,219,131,187,97,83,91,80,27,87,87,95,79,85,86,98,45,45,45,29973]} 1. e4 c6 2. Nf3 d5 3. exd5 cxd5 4. d4 Nc6 5. Bd3 Nf6 6. c3 Bg4 7. Bg5 {B13: Caro-Kann: Exchange Variation and Panov-Botvinnik Attack.} e6 {[#]} 8. Bxf6 $146 ({Predecessor:} 8. Nbd2 Be7 9. O-O Bh5 10. Re1 {½-½ (10) Chabanon,J (2511)-Hauchard,A (2513) Marseille 2001}) 8... gxf6 9. h3 {Black has an edge.} Bh5 10. Nbd2 Bg6 11. Bxg6 hxg6 12. Qc2 f5 13. O-O-O Bd6 14. Rde1 Qc7 15. Kb1 Kd8 (15... Kf8 $11) 16. Ng5 {With the idea Rxe6!} a6 $2 {[#]} (16... Qe7 $11 {and Black has nothing to worry.} 17. h4 Rc8) 17. Rxe6 $1 $18 {[%mdl 512]} Bf4 (17... fxe6 18. Nxe6+) 18. Ndf3 $2 ({Only move:} 18. Rxg6 $1 $18 {Ndf3 is the strong threat.} Qe7 19. Qxf5 fxg6 20. Qxf4) 18... Kd7 $2 {[%mdl 8192]} (18... Bxg5 $1 $11 {and Black stays safe.} 19. Nxg5 Nxd4 20. cxd4 Qxc2+ 21. Kxc2 fxe6) 19. Re2 ({Worse is} 19. Nxf7 Kxe6 20. Nxh8 Rxh8 $17) 19... Bxg5 20. Nxg5 Raf8 (20... Kc8 $142 21. Qb3 Qd7) 21. Rhe1 (21. Qb3 $142) 21... Qf4 $2 (21... Kc8 {might work better.} 22. Nf3 Rd8) 22. Nf3 (22. Qb3 $142 Qc7 23. Qxd5+ Kc8 24. Qc4) 22... Re8 (22... Qd6 {is a better defense.} 23. Ne5+ Kc8 24. Nxc6 Qxc6) 23. Ne5+ Nxe5 24. Rxe5 ({Much less strong is} 24. dxe5 $6 Kc7 $18) 24... Re6 (24... Rxe5 {keeps fighting.} 25. Rxe5 f6 26. Rxd5+ Ke6) 25. Rxe6 ({Don't play} 25. Rxd5+ Ke7 $18) (25. Qb3 $18 Kc8 26. Qxd5) 25... fxe6 {[%mdl 4096] Endgame KQR-KQR} 26. Qe2 ({White should try} 26. g3 $18 Qf3 27. h4) 26... g5 $2 {[%mdl 8192]} (26... Qe4+ $16 27. Kc1 Qxe2 28. Rxe2 g5) 27. Qxe6+ {[%mdl 64] Double Attack} Kc7 28. Qe7+ Kb8 29. Qe5+ Qxe5 30. dxe5 {KR-KR} g4 $2 (30... f4 31. Rd1 f3 32. gxf3 Kc7 33. Rxd5 Rxh3) 31. hxg4 fxg4 32. Kc2 Kc7 33. Kd3 Kd7 34. Kd4 Ke6 35. f3 gxf3 36. gxf3 Rh4+ {[#]} 37. Kd3 (37. Kc5 $1 $18) 37... b5 (37... Rh3 $16) 38. Re3 (38. Rg1 $18) 38... b4 $16 39. cxb4 Rxb4 40. b3 ({White should play} 40. Re2 $16) 40... Rf4 (40... a5 $1 $11) 41. Ke2 a5 42. Kf2 a4 {[#]} 43. Kg3 $1 {[%cal Rg3f4]} Rb4 44. bxa4 (44. f4 $16) 44... Rxa4 $14 45. f4 {Black must now prevent Kg4.} Kf5 $2 {[%mdl 40960] Accuracy: White = 40%, Black = 45%. . Sensor Board Error (Ke4/e5)?} (45... d4 $14 46. Rd3 Kf5) 0-1